La ruta Andina: turismo y desarrollo sostenible en Perú y Bolivia /
Đã lưu trong:
| Tác giả chính: | |
|---|---|
| Tác giả khác: | |
| Định dạng: | Texto |
| Được phát hành: |
Quito:
Abya Yala. Centro Bartolomé de las casas. Centro de Estudios y Documentación Latinoamericanos. CEDLA. Instituto de Estudios Peruanos
|
| Những chủ đề: | |
| Các nhãn: |
Thêm thẻ
Không có thẻ, Là người đầu tiên thẻ bản ghi này!
|
MARC
| LEADER | 00000 a a2200000 04500 | ||
|---|---|---|---|
| 001 | 37729 | ||
| 003 | |||
| 040 | |||
| 020 | |a 978-9978-22-648-3 | ||
| 090 | |a 0005 Y85r | ||
| 100 | |a Ypeij, Annelou | ||
| 245 | |a La ruta Andina: turismo y desarrollo sostenible en Perú y Bolivia / |c Annelou Ypeij | ||
| 260 | |a Quito: |b Abya Yala. Centro Bartolomé de las casas. Centro de Estudios y Documentación Latinoamericanos. CEDLA. Instituto de Estudios Peruanos | ||
| 300 | |a 290 p. | ||
| 650 | |a TURISMO | ||
| 650 | |a IDENTIDAD CULTURAL | ||
| 650 | |a PATRIMONIO CULTURAL | ||
| 650 | |a POBLACION INDIGENA | ||
| 650 | |a GLOBALIZACION | ||
| 650 | |a RELACIONES INTERNACIONALES | ||
| 650 | |a PR | ||
| 700 | |a ed. |a Zoomers, Annelies |a ed |a Gómez Rendón, Jorge |a col. | ||
| 999 | |c 13365 |d 13365 | ||



